Better Essays&Term Paper (Record no. 564599)

000 -LEADER
fixed length control field 00343nam a2200133Ia 4500
008 - FIXED-LENGTH DATA ELEMENTS--GENERAL INFORMATION
fixed length control field 210430s9999 xx 000 0 und d
020 ## - INTERNATIONAL STANDARD BOOK NUMBER
International Standard Book Number 81-309-0511-6
082 ## - DEWEY DECIMAL CLASSIFICATION NUMBER
Classification number 808.4 S2711 T
100 ## - MAIN ENTRY--PERSONAL NAME
Personal name Neil Sawers
9 (RLIN) 54128
245 ## - TITLE STATEMENT
Title Better Essays&Term Paper
Statement of responsibility, etc. Neil Sawers
260 ## - PUBLICATION, DISTRIBUTION, ETC.
Place of publication, distribution, etc. India
Name of publisher, distributor, etc. N S Group
Date of publication, distribution, etc. 2005
300 ## - PHYSICAL DESCRIPTION
Extent 127p
942 ## - ADDED ENTRY ELEMENTS (KOHA)
Koha item type Book
Source of classification or shelving scheme
Holdings
Withdrawn status Lost status Damaged status Not for loan Collection code Permanent Location Current Location Shelving location Date acquired Total Checkouts Full call number Barcode Date last seen Price effective from Koha item type
          School of Chemical & Materials Engineering (SCME) School of Chemical & Materials Engineering (SCME) General Stacks     808.4 S2711 T SCME-3818 04/30/2021 04/30/2021 Book
© 2023 Central Library, National University of Sciences and Technology. All Rights Reserved.